[Event "Bastia CC 20 years"]
[Site "Bastia"]
[Date "2008.11.06"]
[Round "?"]
[White "Galli, Jean Christian"]
[Black "Humeau, Cyril"]
[Result "0-1"]
[WhiteElo "2010"]
[BlackElo "2203"]
[PlyCount "66"]
[EventDate "2008.11.01"]
[EventType "swiss"]
[EventRounds "9"]
[EventCountry "FRA"]
[SourceTitle "CBM 127 Extra"]
[Source "ChessBase"]
[SourceDate "2009.01.08"]
[SourceVersion "2"]
[SourceVersionDate "2009.01.28"]
[SourceQuality "1"]

1. d4 Nf6 2. Nf3 c5 3. d5 g6 4. Nc3 Bg7 5. e4 0-0 6. e5 Ne8 7. h4 d6 8. e6 fxe6 9. h5 gxh5 10. dxe6 Bxe6 11. Ng5 Qd7 12. Qxh5 Nf6 13. Qe2 Bf5 14. Be3 Nc6 15. 0-0-0 h6 16. Qc4+ e6 17. Nf3 d5 18. Qxc5 Ng4 19. Bb5 Rac8 20. Nd4 Nxe3 21. fxe3 Bg4 22. Rdf1 Rxf1+ 23. Rxf1 Nxd4 24. Bxd7 Rxc5 25. exd4 Bxd4 26. Nd1 Bf5 27. c3 Rc7 28. Ba4 Bc5 29. Bb3 Be4 30. g4 Rg7 31. Rf4 Rf7 32. Rxe4 dxe4 33. Bxe6 e3 0-1

[Event "Corsica-chT"]
[Site "Porticcio"]
[Date "2007.04.01"]
[Round "3.1"]
[White "Galli, Jean Christian"]
[Black "Humeau, Cyril"]
[Result "0-1"]
[WhiteElo "2025"]
[BlackElo "2162"]
[PlyCount "82"]
[EventDate "2007.03.07"]
[EventType "team-tourn"]
[EventRounds "9"]
[EventCountry "FRA"]
[SourceTitle "CBM 117 Extra"]
[Source "ChessBase"]
[SourceDate "2007.05.09"]
[SourceVersion "1"]
[SourceVersionDate "2007.05.09"]
[SourceQuality "1"]
[WhiteTeam "Corsica CC"]
[BlackTeam "Corsica CC Dream Team"]
[WhiteTeamCountry "FRA"]
[BlackTeamCountry "FRA"]

1. d4 Nf6 2. Nf3 e6 3. g3 d5 4. Bg2 Be7 5. 0-0 0-0 6. c4 c5 7. Nc3 dxc4 8. e3 Nc6 9. Qe2 cxd4 10. exd4 Nb4 11. Qxc4 Nbd5 12. Ne5 a6 13. Ne4 Bd7 14. Nxf6+ Bxf6 15. Nxd7 Qxd7 16. Rd1 Rfc8 17. Qb3 Rc7 18. Bxd5 Qxd5 19. Qxd5 exd5 20. Be3 Rc2 21. Rab1 Rac8 22. Kf1 R8c4 23. Rd3 Rb4 24. Rb3 Rxb3 25. axb3 Be7 26. Ke1 Kf8 27. Kd1 Rc6 28. Rc1 Ke8 29. Rxc6 bxc6 30. Kc2 Kd7 31. g4 g6 32. Kd3 Bd6 33. h3 Kc7 34. Bd2 Kb6 35. f4 f5 36. Ke2 Kb5 37. gxf5 gxf5 38. Kf2 c5 39. Ke3 c4 40. bxc4+ Kxc4 41. Bc1 Bb4 0-1

[Event "Bastiais Master 5th"]
[Site "Bastia"]
[Date "2007.03.??"]
[Round "?"]
[White "Galli, Jean Christian"]
[Black "Orsoni, Jean Philippe"]
[Result "1/2-1/2"]
[WhiteElo "2027"]
[BlackElo "1907"]
[PlyCount "129"]
[EventDate "2007.03.??"]
[EventType "swiss"]
[EventRounds "9"]
[EventCountry "FRA"]
[SourceTitle "CBM 117 Extra"]
[Source "ChessBase"]
[SourceDate "2007.05.09"]
[SourceVersion "1"]
[SourceVersionDate "2007.05.09"]
[SourceQuality "1"]

1. g3 g6 2. Bg2 Bg7 3. e4 d6 4. d4 Nf6 5. Ne2 0-0 6. 0-0 Nbd7 7. c3 c5 8. Nd2 cxd4 9. cxd4 Rb8 10. b3 b5 11. Bb2 e5 12. Rc1 Bb7 13. Ba3 Qb6 14. d5 Rbc8 15. b4 Rxc1 16. Bxc1 Rc8 17. Nb3 Qc7 18. Na5 Ba8 19. Be3 Ng4 20. Qd2 Nxe3 21. Qxe3 Nb6 22. Rc1 Qd7 23. Rxc8+ Qxc8 24. Nc3 Bh6 25. Qd3 a6 26. h4 Nc4 27. Nxc4 Qxc4 28. Qxc4 bxc4 29. Bf1 Bd2 30. Nb1 Bxb4 31. Bxc4 Bb7 32. Kf1 Bc8 33. Ke2 a5 34. Nd2 Bxd2 35. Kxd2 Kf8 36. Bb5 Ke7 37. Kc3 Kd8 38. f4 f5 39. fxe5 dxe5 40. exf5 gxf5 41. d6 Be6 42. a3 Bd7 43. Bd3 h6 44. Kc4 Be6+ 45. Kb5 Kd7 46. Kxa5 Kxd6 47. Kb6 e4 48. Be2 Bb3 49. Kb5 Bc2 50. Kc4 Ke5 51. Kc3 Ba4 52. Kb4 Bc6 53. a4 f4 54. gxf4+ Kxf4 55. a5 Kg3 56. Kc5 Ba8 57. h5 Kf2 58. Bb5 e3 59. Kd6 Bf3 60. a6 Bxh5 61. a7 Bf3 62. Bc6 Bxc6 63. Kxc6 e2 64. a8Q e1Q 65. Qf8+ 1/2-1/2

[Event "Bastiais Master 3rd"]
[Site "Bastia"]
[Date "2006.03.31"]
[Round "9"]
[White "Luciani, Thibault"]
[Black "Galli, Jean Christian"]
[Result "0-1"]
[WhiteElo "1850"]
[BlackElo "2049"]
[PlyCount "80"]
[EventDate "2006.01.14"]
[EventType "swiss"]
[EventRounds "9"]
[EventCountry "FRA"]
[SourceTitle "EXT 2007"]
[Source "ChessBase"]
[SourceDate "2006.11.23"]
[SourceVersion "1"]
[SourceVersionDate "2006.11.23"]
[SourceQuality "1"]

1. e4 e6 2. d4 d5 3. exd5 exd5 4. Nf3 Bd6 5. Nc3 Ne7 6. Qe2 0-0 7. Be3 Re8 8. 0-0-0 c6 9. h3 Nf5 10. g4 Nxe3 11. fxe3 Bf4 12. Rd3 Nd7 13. Qf2 Bd6 14. g5 Nb6 15. h4 Qc7 16. Bh3 Nc4 17. Bxc8 Raxc8 18. Nd1 Re6 19. h5 Rce8 20. Kb1 Bg3 21. Qg1 a5 22. Rh3 Bd6 23. Rh4 Qe7 24. Rh3 Nxe3 25. Nxe3 Rxe3 26. Qxe3 Qxe3 27. Rxe3 Rxe3 28. c3 Bf4 29. Kc2 Re2+ 30. Kb3 b5 31. Rh4 Bc1 32. Rh2 Rxh2 33. Nxh2 Bxg5 34. Kc2 g6 35. hxg6 fxg6 36. Kd3 Kf7 37. Nf3 Bf4 38. b3 Ke6 39. c4 g5 40. cxb5 cxb5 0-1

[Event "Bastiais Master 1st"]
[Site "Bastia"]
[Date "2005.05.??"]
[Round "4"]
[White "Galli, Jean Christian"]
[Black "Gossart, Gerard"]
[Result "1-0"]
[WhiteElo "2054"]
[BlackElo "1750"]
[PlyCount "65"]
[EventDate "2005.05.??"]
[EventType "tourn"]
[EventRounds "9"]
[EventCountry "FRA"]
[SourceTitle "EXT 2007"]
[Source "ChessBase"]
[SourceDate "2006.11.23"]
[SourceVersion "1"]
[SourceVersionDate "2006.11.23"]
[SourceQuality "1"]

1. d4 d5 2. c4 e6 3. Nf3 Nf6 4. Nc3 c6 5. g3 Nbd7 6. Bg2 dxc4 7. a4 Qa5 8. Bd2 Bb4 9. 0-0 0-0 10. e4 Re8 11. e5 Nd5 12. Ne4 c3 13. bxc3 Nxc3 14. Qe1 Nd5 15. Nd6 Bxd2 16. Nxd2 Rf8 17. Qe2 b6 18. Rfc1 c5 19. N2c4 Ba6 20. Qg4 Bxc4 21. Nxc4 Qb4 22. Bxd5 exd5 23. Ne3 Rad8 24. Nf5 g6 25. Ne7+ Kg7 26. Nc6 Nxe5 27. Nxe5 Rc8 28. Rd1 c4 29. Qf3 Qd6 30. h4 h5 31. Qf4 f6 32. Nxg6 Qxf4 33. Nxf4 1-0

[Event "Porticcio op 6th"]
[Site "Porticcio"]
[Date "2005.03.??"]
[Round "1"]
[White "Galli, Jean Christian"]
[Black "Zigic, Vania"]
[Result "1-0"]
[WhiteElo "2059"]
[BlackElo "1750"]
[PlyCount "95"]
[EventDate "2005.03.??"]
[EventType "swiss"]
[EventRounds "7"]
[EventCountry "FRA"]
[SourceTitle "EXT 2007"]
[Source "ChessBase"]
[SourceDate "2006.11.23"]
[SourceVersion "1"]
[SourceVersionDate "2006.11.23"]
[SourceQuality "1"]

1. Nf3 d5 2. g3 Nc6 3. d4 Bf5 4. Bg2 e6 5. 0-0 Be7 6. c4 Nb4 7. Na3 Nf6 8. Bd2 Na6 9. Qb3 Rb8 10. Ne5 0-0 11. Nb5 Qe8 12. Rac1 Ne4 13. Bf4 g5 14. Be3 f6 15. Nd3 c6 16. Nc3 Nxc3 17. Rxc3 Bd6 18. Bd2 h5 19. f3 Qg6 20. e4 dxe4 21. fxe4 Bxe4 22. c5 Bxd3 23. Rxd3 Bc7 24. Qxe6+ Kg7 25. Be4 Qf7 26. Qf5 Rh8 27. Bxg5 Rbf8 28. Rdf3 Bd8 29. a3 Nc7 30. Bf4 Ne6 31. Be3 Nc7 32. Kh1 Nd5 33. g4 Bc7 34. g5 Re8 35. Bd2 h4 36. gxf6+ Kf8 37. Rg1 Rh5 38. Qg6 Qxg6 39. Bxg6 Re2 40. Rg2 Rxg2 41. Kxg2 Rh8 42. Kh3 Bd8 43. Bg5 Nc7 44. Re3 b6 45. Kg4 bxc5 46. dxc5 h3 47. Kf5 a5 48. Re4 1-0

[Event "Corsica CC-A"]
[Site "Corsica"]
[Date "2004.08.08"]
[Round "8"]
[White "Galli, Jean Christian"]
[Black "Autran, Yann"]
[Result "0-1"]
[WhiteElo "2098"]
[BlackElo "1998"]
[PlyCount "56"]
[EventDate "2004.08.01"]
[EventType "tourn"]
[EventRounds "9"]
[EventCountry "FRA"]
[SourceTitle "EXT 2008"]
[Source "ChessBase"]
[SourceDate "2007.11.25"]
[SourceVersion "1"]
[SourceVersionDate "2007.11.25"]
[SourceQuality "1"]

1. d4 d5 2. Nf3 Nf6 3. g3 c6 4. Bg2 Bf5 5. 0-0 e6 6. e3 Be7 7. c4 h6 8. Qb3 Qb6 9. Nc3 Bd3 10. Qxb6 axb6 11. Rd1 Bxc4 12. Ne5 b5 13. Nxc4 bxc4 14. e4 dxe4 15. Nxe4 Nxe4 16. Bxe4 Nd7 17. a4 Nf6 18. Bf3 Nd5 19. Bd2 0-0 20. a5 Bf6 21. Be3 Ra7 22. Rdc1 Rfa8 23. Rxc4 Rxa5 24. Rxa5 Rxa5 25. Kg2 Rb5 26. Rc2 Rb3 27. Re2 Nb6 28. Be4 Nc4 0-1

[Event "Corsica CC-A"]
[Site "Corsica"]
[Date "2004.08.07"]
[Round "7"]
[White "Michel, Damien"]
[Black "Galli, Jean Christian"]
[Result "1-0"]
[WhiteElo "1710"]
[BlackElo "2098"]
[PlyCount "117"]
[EventDate "2004.08.01"]
[EventType "tourn"]
[EventRounds "9"]
[EventCountry "FRA"]
[SourceTitle "EXT 2008"]
[Source "ChessBase"]
[SourceDate "2007.11.25"]
[SourceVersion "1"]
[SourceVersionDate "2007.11.25"]
[SourceQuality "1"]

1. e4 e6 2. d4 d5 3. Nc3 Nf6 4. e5 Nfd7 5. Nf3 c5 6. Be3 Nc6 7. g3 cxd4 8. Bxd4 a6 9. Ne2 Qc7 10. Bg2 Ndxe5 11. 0-0 Bd6 12. Re1 0-0 13. Bc3 Bd7 14. Qd2 Nxf3+ 15. Bxf3 Be5 16. Rad1 Bxc3 17. Qxc3 Rac8 18. Nf4 Ne7 19. Qb4 Nf5 20. c3 a5 21. Qb3 b5 22. Rd3 Qc4 23. Red1 Qxb3 24. axb3 Bc6 25. Nxd5 Bxd5 26. Bxd5 exd5 27. Rxd5 g6 28. Rxb5 Rb8 29. Rdd5 Rfe8 30. Kf1 Ne7 31. Rxb8 Rxb8 32. Rxa5 Rxb3 33. Ra2 Nc6 34. Ke2 Ne5 35. Kd2 g5 36. Kc2 Rb6 37. b4 Kg7 38. Kb3 Kf6 39. c4 Nd3 40. Kc3 Ne5 41. b5 Ke6 42. Re2 g4 43. Kd4 f6 44. Kc5 Rb8 45. b6 Kf5 46. Rxe5+ Kxe5 47. Kb5 Kd6 48. c5+ Kd7 49. c6+ Kc8 50. Kc5 h6 51. Kb5 h5 52. Kc5 Rb7 53. cxb7+ Kxb7 54. Kd6 Kxb6 55. Ke6 Kc6 56. Kxf6 Kd5 57. Kg5 Ke4 58. Kxh5 Kf3 59. Kg5 1-0

[Event "Corsica Hotels Masters"]
[Site "Bastia"]
[Date "2004.04.30"]
[Round "7"]
[White "Galli, Jean Christian"]
[Black "Skembris, Spyridon"]
[Result "0-1"]
[WhiteElo "2111"]
[BlackElo "2439"]
[PlyCount "82"]
[EventDate "2004.04.26"]
[EventType "tourn"]
[EventRounds "9"]
[EventCountry "FRA"]
[EventCategory "2"]
[SourceTitle "CBM 100 Extra"]
[Source "ChessBase"]
[SourceDate "2004.07.06"]
[SourceVersion "2"]
[SourceVersionDate "2004.07.06"]
[SourceQuality "1"]

1. d4 c5 2. d5 e5 3. c4 d6 4. Nc3 Be7 5. e4 Bg5 6. Nf3 Bxc1 7. Qxc1 Nh6 8. Bd3 0-0 9. h3 Na6 10. Qd2 Bd7 11. 0-0-0 Qa5 12. a3 Nc7 13. g4 Kh8 14. Nh4 f6 15. Rhg1 Nf7 16. Nf5 g6 17. Ng3 a6 18. f3 b5 19. h4 bxc4 20. Bxc4 Nb5 21. Nxb5 axb5 22. Qxa5 Rxa5 23. Bd3 Rb8 24. h5 b4 25. axb4 Rxb4 26. hxg6 hxg6 27. Rd2 Kg7 28. Rh1 Ra1+ 29. Bb1 Rb3 30. Rf2 Ng5 31. Rhf1 Bb5 32. Kc2 Rb4 33. Re1 Rc4+ 34. Kd2 Rd4+ 35. Kc3 Bd3 36. Ne2 Bxe2 37. Rfxe2 Nxf3 38. Rh1 Rb4 39. Rf1 Nd4 40. Rg2 Rb3+ 41. Kd2 Rxb2+ 0-1

[Event "Corsica Hotels Masters"]
[Site "Bastia"]
[Date "2004.04.29"]
[Round "5"]
[White "Galli, Jean Christian"]
[Black "Moingt, Jean Claude"]
[Result "0-1"]
[WhiteElo "2111"]
[BlackElo "2296"]
[PlyCount "74"]
[EventDate "2004.04.26"]
[EventType "tourn"]
[EventRounds "9"]
[EventCountry "FRA"]
[EventCategory "2"]
[SourceTitle "CBM 100 Extra"]
[Source "ChessBase"]
[SourceDate "2004.07.06"]
[SourceVersion "2"]
[SourceVersionDate "2004.07.06"]
[SourceQuality "1"]

1. Nf3 Nf6 2. g3 g6 3. d4 Bg7 4. Bg2 0-0 5. 0-0 d6 6. c4 Bf5 7. Nc3 Nc6 8. h3 Ne4 9. Nh4 Nxc3 10. bxc3 Bd7 11. Rb1 Rb8 12. e4 Na5 13. Qd3 Qc8 14. Kh2 c5 15. d5 b6 16. Re1 Qc7 17. Nf3 Bc8 18. Bf4 Ba6 19. Nd2 Rbd8 20. Bf1 Qd7 21. e5 dxe5 22. Bxe5 e6 23. Bxg7 Kxg7 24. Bg2 exd5 25. Qxd5 Qc7 26. Qg5 h6 27. Qe3 Nxc4 28. Nxc4 Bxc4 29. Rb2 Rd3 30. Qe7 Rd7 31. Qe3 Rfd8 32. Be4 Re7 33. Qc1 Rde8 34. Qc2 f5 35. Bxf5 Rxe1 36. Bxg6 Qc6 37. g4 Qxg6 0-1

[Event "Corsica Hotels Masters"]
[Site "Bastia"]
[Date "2004.04.27"]
[Round "3"]
[White "Galli, Jean Christian"]
[Black "Trabert, Bettina"]
[Result "1/2-1/2"]
[WhiteElo "2111"]
[BlackElo "2277"]
[PlyCount "123"]
[EventDate "2004.04.26"]
[EventType "tourn"]
[EventRounds "9"]
[EventCountry "FRA"]
[EventCategory "2"]
[SourceTitle "CBM 100 Extra"]
[Source "ChessBase"]
[SourceDate "2004.07.06"]
[SourceVersion "2"]
[SourceVersionDate "2004.07.06"]
[SourceQuality "1"]

1. d4 d5 2. c4 e6 3. Nf3 c6 4. Nbd2 Nf6 5. g3 Be7 6. Bg2 0-0 7. 0-0 b6 8. Qc2 Bb7 9. e4 c5 10. exd5 exd5 11. dxc5 bxc5 12. cxd5 Bxd5 13. b3 Nc6 14. Bb2 Nb4 15. Qd1 Qc7 16. Bc3 Rad8 17. a3 Nc6 18. Qc2 Qb7 19. Rfe1 Nd4 20. Bxd4 cxd4 21. Nh4 Bxg2 22. Nxg2 Nd5 23. b4 g6 24. Ne4 Qb6 25. Qc4 Rfe8 26. Rad1 Nc7 27. Nf4 a5 28. Nd3 axb4 29. axb4 Nd5 30. Nec5 Nc3 31. Ra1 Qb5 32. Qxb5 Nxb5 33. Ra5 Nc3 34. Ra7 Bxc5 35. Rxe8+ Rxe8 36. bxc5 Rc8 37. Kg2 h5 38. Rd7 Nb5 39. Kf3 Nc7 40. Rxd4 Ne6 41. Rc4 Kf8 42. Ke4 Ke7 43. f4 f6 44. Rc3 Rd8 45. c6 Kd6 46. f5 gxf5+ 47. Kxf5 Nd4+ 48. Kxf6 Nxc6 49. Nf4 Nd4 50. Rc2 Rf8+ 51. Kg5 Nf3+ 52. Kh6 h4 53. Rf2 hxg3 54. hxg3 Ne5 55. Rd2+ Ke7 56. Re2 Kf6 57. Nh5+ Ke6 58. Ng7+ Kd6 59. Kg5 Nf3+ 60. Kg6 Ne5+ 61. Kg5 Nf3+ 62. Kg6 1/2-1/2

[Event "Cannes"]
[Site "Cannes"]
[Date "1999.??.??"]
[Round "2"]
[White "Djuric, Stefan"]
[Black "Galli, Jean Christian"]
[Result "1-0"]
[WhiteElo "2517"]
[BlackElo "2187"]
[PlyCount "57"]
[EventDate "1999.02.??"]
[EventType "k.o."]
[EventRounds "7"]
[EventCountry "FRA"]
[SourceTitle "EXT 2000"]
[Source "ChessBase"]
[SourceDate "1999.11.16"]
[SourceVersion "1"]
[SourceVersionDate "1999.11.16"]
[SourceQuality "1"]

1. e4 e6 2. d4 d5 3. Nc3 Nf6 4. Bg5 Bb4 5. e5 h6 6. Bd2 Bxc3 7. Bxc3 Ne4 8. Bd2 c5 9. Be3 cxd4 10. Bxd4 Nc6 11. f3 Qa5+ 12. c3 Nxd4 13. Qxd4 Ng5 14. h4 Nh7 15. f4 Bd7 16. Nf3 Rc8 17. a4 a6 18. Rh3 Nf8 19. h5 g6 20. hxg6 Nxg6 21. Bd3 Qc5 22. Qxc5 Rxc5 23. g3 Ke7 24. Kd2 f5 25. exf6+ Kxf6 26. Bxg6 e5 27. f5 Bxf5 28. Bxf5 Kxf5 29. Rah1 1-0

[Event "Cannes"]
[Site "Cannes"]
[Date "1999.??.??"]
[Round "1"]
[White "Lavergne, Henri Jean"]
[Black "Galli, Jean Christian"]
[Result "0-1"]
[WhiteElo "2119"]
[BlackElo "2187"]
[PlyCount "46"]
[EventDate "1999.02.??"]
[EventType "k.o."]
[EventRounds "7"]
[EventCountry "FRA"]
[SourceTitle "EXT 2000"]
[Source "ChessBase"]
[SourceDate "1999.11.16"]
[SourceVersion "1"]
[SourceVersionDate "1999.11.16"]
[SourceQuality "1"]

1. e4 e6 2. d4 d5 3. e5 c5 4. c3 Nc6 5. Nf3 cxd4 6. cxd4 Qb6 7. Bd3 Bd7 8. 0-0 Nxd4 9. Nxd4 Qxd4 10. Nc3 a6 11. Qe2 Ne7 12. Kh1 Nc6 13. f4 Nb4 14. Bb1 Qc4 15. Qd1 d4 16. Ne4 d3 17. Nd6+ Bxd6 18. exd6 Nc2 19. Rf3 Nxa1 20. Bxd3 Qxa2 21. Be4 Rc8 22. Be3 Qxb2 23. Rf2 Qc3 0-1

[Event "Bastia sim"]
[Site "Bastia"]
[Date "1998.11.05"]
[Round "?"]
[White "Karpov, Anatoly"]
[Black "Galli, Jean Christian"]
[Result "1-0"]
[WhiteElo "2725"]
[BlackElo "2175"]
[PlyCount "85"]
[EventDate "1998.11.??"]
[EventType "simul"]
[EventRounds "1"]
[EventCountry "FRA"]
[SourceTitle "EXT 2000"]
[Source "ChessBase"]
[SourceDate "1999.11.16"]
[SourceVersion "1"]
[SourceVersionDate "1999.11.16"]
[SourceQuality "1"]

1. d4 Nf6 2. c4 g6 3. Nc3 d5 4. cxd5 Nxd5 5. e4 Nxc3 6. bxc3 Bg7 7. Be3 c5 8. Qd2 Qa5 9. Rb1 a6 10. Rc1 0-0 11. d5 Rd8 12. Nf3 Nc6 13. Be2 e6 14. 0-0 exd5 15. exd5 Ne7 16. c4 Qxd2 17. Nxd2 Re8 18. Bf3 Bf5 19. Bxc5 Bd3 20. Rfe1 Nf5 21. Be4 Bxe4 22. Nxe4 b5 23. d6 bxc4 24. Rxc4 Rab8 25. Kf1 Red8 26. Ra4 Ra8 27. Rb1 Be5 28. Rb6 a5 29. g3 Ng7 30. f4 Ba1 31. Rb7 Ne6 32. Bb6 Rab8 33. Rxb8 Rxb8 34. Bxa5 f5 35. Ng5 Nc5 36. Rc4 Rb1+ 37. Ke2 Rb2+ 38. Ke3 Rb5 39. Bb4 Nd7 40. Rc8+ Kg7 41. Rc7 Rxb4 42. Rxd7+ Kg8 43. Nxh7 1-0

[Event "Montpellier op-A"]
[Site "Montpellier"]
[Date "1997.??.??"]
[Round "?"]
[White "Galli, Jean Christian"]
[Black "Mancini, Mario"]
[Result "1/2-1/2"]
[WhiteElo "2010"]
[BlackElo "2290"]
[PlyCount "83"]
[EventDate "1997.??.??"]
[EventType "swiss"]
[EventRounds "9"]
[EventCountry "FRA"]
[SourceTitle "EXT 2003"]
[Source "ChessBase"]
[SourceDate "2002.11.25"]
[SourceVersion "1"]
[SourceVersionDate "2002.11.25"]
[SourceQuality "1"]

1. d4 Nf6 2. c4 e6 3. Nc3 Bb4 4. Qc2 c5 5. dxc5 0-0 6. Nf3 Na6 7. Bd2 Nxc5 8. e3 b6 9. Be2 Bb7 10. 0-0 Nce4 11. Nxe4 Bxe4 12. Bd3 Bxd3 13. Qxd3 Bxd2 14. Qxd2 Rc8 15. Rac1 Rc5 16. Rfd1 Qc7 17. Qd6 Rc8 18. Qxc7 R8xc7 19. Nd2 d5 20. Rc3 Kf8 21. Rdc1 a5 22. Kf1 Ke7 23. Ke2 Ne4 24. Nxe4 dxe4 25. b3 f5 26. R3c2 g5 27. g3 e5 28. Rd2 b5 29. Rdc2 f4 30. Kd2 Rd7+ 31. Ke2 f3+ 32. Ke1 Rdc7 33. Kd2 b4 34. Rd1 a4 35. bxa4 Ra7 36. Kc1 Rxa4 37. Kb2 Ra3 38. g4 Rca5 39. Rcd2 Ra7 40. h3 Rxa2+ 41. Kb3 R2a3+ 42. Kxb4 1/2-1/2